000 00608nam a22002177a 4500
001 46474
003 UA-OsUOA
005 20220717144019.0
007 ta
008 20070619b un ||||| |||| 00| 0 ukr d
040 _aUA-OsUOA
_brus
_cUA-OsUOA
_dUA-OsUOA
041 _arus
080 _a18+7
090 _a18+7
_bЭ87
245 _aЭстетика и искусство: из истории домарксисткой эстетической мысли
260 _aМ.
_bНаука
_c1966
300 _a310 с.
650 7 _a1 Філософські науки
_2UDC
942 _cBK
_2udc
955 _a4
999 _c332568
_d332568